| 000 | 02069cam a2200421 i 4500 | ||
|---|---|---|---|
| 001 | 20189454 | ||
| 003 | NUST | ||
| 005 | 20220825122903.0 | ||
| 008 | 171212s2018 nyuf 000 1 eng | ||
| 010 | _a 2017055446 | ||
| 020 | _a9781501179600 (hardback) | ||
| 020 | _z9781501179624 (ebook) | ||
| 038 | _aAzhar | ||
| 040 |
_aDLC _beng _erda _cDLC |
||
| 042 | _apcc | ||
| 043 | _an-us--- | ||
| 050 | 0 | 0 |
_aPS648.S5 _bI83 2018 |
| 082 | 0 | 0 |
_a813.010806 _223 _bSAN |
| 084 |
_aFIC003000 _aFIC037000 _aLCO002000 _2bisacsh |
||
| 245 | 0 | 0 |
_aIt occurs to me that I am America : _bnew stories and art _cedited by Jonathan Santlofer ; introduction by Viet Thanh Nguyen. |
| 250 | _aFirst Touchstone hardcover edition. | ||
| 260 |
_aNew York : _bTouchstone, _c2018 |
||
| 300 |
_axix, 374 pages : _b24 plates ; _c24 cm |
||
| 336 |
_atext _btxt _2rdacontent |
||
| 337 |
_aunmediated _bn _2rdamedia |
||
| 338 |
_avolume _bnc _2rdacarrier |
||
| 520 |
_a"In time for the one-year anniversary of the Trump Inauguration and the Women's March, this provocative, unprecedented anthology features original short stories from thirty bestselling and award-winning authors--including Alice Walker, Richard Russo, Walter Mosley, Joyce Carol Oates, Alice Hoffman, Neil Gaiman, Michael Cunningham, Mary Higgins Clark, and Lee Child--with an introduction by Pulitzer Prize-winning author Viet Thanh Nguyen"-- _cProvided by publisher. |
||
| 650 | 0 |
_aShort stories, American. _98229 |
|
| 650 | 0 |
_aAmerican fiction _y21st century. _996169 |
|
| 650 | 7 |
_aFICTION / Anthologies (multiple authors). _2bisacsh _996170 |
|
| 650 | 7 |
_aFICTION / Political. _2bisacsh _996171 |
|
| 650 | 7 |
_aLITERARY COLLECTIONS / American / General. _2bisacsh _996172 |
|
| 700 | 1 |
_aSantlofer, Jonathan, _d1946- _eeditor. _996173 |
|
| 700 | 1 |
_aNguyen, Viet Thanh, _d1971- _eauthor of introduction. _996174 |
|
| 906 |
_a7 _bcbc _corignew _d1 _eecip _f20 _gy-gencatlg |
||
| 942 |
_2ddc _cLC |
||
| 999 |
_c590742 _d590742 |
||